| 000 | 00358nam a22001577a 4500 | ||
|---|---|---|---|
| 003 | SGT | ||
| 020 | _a9789305274244 | ||
| 082 |
_a611 _bE22D |
||
| 100 | _aDATTA, A.K. | ||
| 245 | _aESSENTIALS OF HUMAN ANATOMY : HEAD & NECK VOL-2 | ||
| 250 | _a6TH | ||
| 260 |
_aINDIA _bCURRENT BOOK _c2022 |
||
| 300 | _a298 | ||
| 650 | _aHUMAN ANATOMY | ||
| 942 |
_2ddc _cBK |
||
| 999 |
_c30737 _d30737 |
||